Paradise lost? : (Record no. 5234)

MARC details
000 -LEADER
fixed length control field 00699nam a22002172 4500
001 - CONTROL NUMBER
control field 0000001399
005 - DATE AND TIME OF LATEST TRANSACTION
control field 20151217151816.0
008 - FIXED-LENGTH DATA ELEMENTS--GENERAL INFORMATION
fixed length control field 070308s xx 000 0 eng d
040 ## - CATALOGING SOURCE
Original cataloging agency KABU
Transcribing agency KABU
050 #0 - LIBRARY OF CONGRESS CALL NUMBER
Classification number HC79
Item number .E5B37
100 1# - MAIN ENTRY--PERSONAL NAME
Personal name Barbier, E. B.
-- 0000150101
245 10 - TITLE STATEMENT
Title Paradise lost? :
Remainder of title the ecological economics of biodiversity /
Statement of responsibility, etc. Edward B. Barbier, Joanne C. Burgess and Carol Folke.
260 ## - PUBLICATION, DISTRIBUTION, ETC. (IMPRINT)
Place of publication, distribution, etc. London :
Name of publisher, distributor, etc. Earthscan,
Date of publication, distribution, etc. 1995.
300 ## - PHYSICAL DESCRIPTION
Extent ix, 267 p.
650 #0 - SUBJECT ADDED ENTRY--TOPICAL TERM
Topical term or geographic name as entry element Environmental economics.
-- 0000150102
700 1# - ADDED ENTRY--PERSONAL NAME
Personal name Burgess, Joanne.
-- 0000150103
700 1# - ADDED ENTRY--PERSONAL NAME
Personal name Folke, Carl.
-- 0000150104
908 ## - PUT COMMAND PARAMETER (RLIN)
Put command parameter 070308
950 ## - LOCAL HOLDINGS (RLIN)
-- 1
Holdings
Withdrawn status Lost status Source of classification or shelving scheme Not for loan Home library Current library Date acquired Total Checkouts Full call number Barcode Date last seen Price effective from Koha item type
    Library of Congress Classification   Kabarak, Main Campus Kabarak, Main Campus 17/12/2015   HC79 .E5B37 001236 02/08/2024 17/12/2015 General Collection
Designed with assistance from East African Informatics Ltd